[Event "26th Chicago Open"]
[Site "Wheeling, IL"]
[Date "2017.05.27"]
[Round "5.47"]
[White "Mattson, Dane"]
[Black "Wang, Michael"]
[Result "0-1"]
[WhiteElo "2052"]
[BlackElo "2224"]
[PlyCount "120"]
[EventDate "2017.05.??"]
[EventType "swiss"]
[EventRounds "9"]
[EventCountry "USA"]

1. c4 e5 2. Nc3 Nc6 3. Nf3 f5 4. d4 e4 5. Ng5 Nf6 6. Nh3 g6 7. Bg5 Bg7 8. Nf4
Ne7 9. e3 O-O 10. c5 h6 11. Bc4+ Kh7 12. h4 c6 13. h5 d5 14. cxd6 Qxd6 15.
hxg6+ Nxg6 16. Nxg6 Kxg6 17. Bf4 Qb4 18. Bb3 a5 19. a3 Qb6 20. Be5 Ng4 21. Bf4
Re8 22. Na4 Qd8 23. Qc2 Kh7 24. O-O-O b5 25. Nc5 Qf6 26. Qd2 Qg6 27. Rh3 a4 28.
Ba2 Nf6 29. Rdh1 Nd7 30. Bxh6 Bxh6 31. Rxh6+ Qxh6 32. Rxh6+ Kxh6 33. Ne6 Ra7
34. Qb4 Nf6 35. Qc5 Rae7 36. Qxf5 Rxe6 37. Bxe6 Rxe6 38. Qf4+ Kg7 39. f3 Bd7
40. Qg5+ Kf7 41. f4 Re8 42. Qh4 Rg8 43. Qf2 Nd5 44. Qh4 Bf5 45. Qh5+ Ke6 46.
Qh6+ Rg6 47. Qh8 Nxe3 48. Qe8+ Kd6 49. Qf8+ Kd5 50. Qc5+ Ke6 51. Qxc6+ Kf7 52.
Qc7+ Kg8 53. Qb8+ Kh7 54. Qxb5 Rxg2 55. Qxa4 Rg1+ 56. Kd2 Nd5 57. Qb5 e3+ 58.
Ke2 Bg4+ 59. Kd3 Rd1+ 60. Kc4 Be2+ 0-1

[Event "26th Chicago Open"]
[Site "Wheeling, IL"]
[Date "2017.05.27"]
[Round "5.48"]
[White "Johnston, Daniel"]
[Black "Padhya, Saumil"]
[Result "1/2-1/2"]
[WhiteElo "1935"]
[BlackElo "2219"]
[PlyCount "111"]
[EventDate "2017.05.??"]
[EventType "swiss"]
[EventRounds "9"]
[EventCountry "USA"]

1. e4 c5 2. Nf3 d6 3. d4 cxd4 4. Nxd4 Nf6 5. Nc3 a6 6. h3 e5 7. Nde2 h5 8. Bg5
Be6 9. Nd5 Bxd5 10. exd5 Nbd7 11. Nc3 Be7 12. Bxf6 Nxf6 13. Bd3 h4 14. Qf3 Rc8
15. Rd1 Qb6 16. Bf5 Rc4 17. Qd3 Rd4 18. Qe3 g6 19. Bd3 Qxb2 20. O-O Qb6 21. Rb1
Qc7 22. Ne2 Rxd5 23. Qa7 Qc5 24. Rxb7 Qxa7 25. Rxa7 Rc5 26. Rb1 Bd8 27. Rxa6 d5
28. Bb5+ Kf8 29. Rc6 Be7 30. Rxc5 Bxc5 31. Bc6 Ke7 32. Rd1 Rd8 33. Kf1 Rd6 34.
Ba4 d4 35. Bb3 e4 36. g3 g5 37. gxh4 gxh4 38. Nf4 Nd7 39. Re1 f5 40. f3 Nf6 41.
Ng6+ Ke8 42. Nxh4 d3 43. Nxf5 Rd8 44. cxd3 Rxd3 45. fxe4 Rxh3 46. Kg2 Rd3 47.
e5 Rd2+ 48. Kh3 Rd3+ 49. Kg2 Rd2+ 50. Kf3 Rf2+ 51. Kg3 Rxf5 52. exf6+ Kf8 53.
f7 Bf2+ 54. Kg4 Rxf7 55. Rb1 Bb6 56. Rh1 1/2-1/2

[Event "26th Chicago Open"]
[Site "Wheeling, IL"]
[Date "2017.05.27"]
[Round "5.49"]
[White "Rudolph, Joziah"]
[Black "Balleisen, Aaron"]
[Result "0-1"]
[WhiteElo "1836"]
[BlackElo "2217"]
[PlyCount "110"]
[EventDate "2017.05.??"]
[EventType "swiss"]
[EventRounds "9"]
[EventCountry "USA"]

1. d4 Nf6 2. c4 e6 3. Nc3 Bb4 4. e3 O-O 5. Nge2 Re8 6. a3 Bf8 7. g3 d5 8. Bg2
a5 9. O-O c6 10. b3 Nbd7 11. e4 dxe4 12. Nxe4 Nxe4 13. Bxe4 Nf6 14. Bg2 Qc7 15.
Bf4 Bd6 16. Bg5 Qe7 17. Nc3 h6 18. Bxf6 Qxf6 19. Ne4 Qe7 20. Nxd6 Qxd6 21. Re1
Rd8 22. d5 cxd5 23. cxd5 Rb8 24. dxe6 Bxe6 25. Qh5 Qb6 26. Rab1 Rd2 27. Qf3 Rc8
28. Re3 Rc7 29. h3 Qd4 30. a4 Rcc2 31. Rf1 g6 32. Re4 Qb6 33. Qf6 Qxb3 34. Bf3
Kh7 35. Rh4 Qc3 36. Qg5 Qg7 37. Be4 Rb2 38. Qe3 Re2 39. Qd3 Qe5 40. Rf4 Red2
41. Qf3 f5 42. Qa3 Qd6 43. Qxd6 Rxd6 44. Bg2 g5 45. Rf3 Rb3 46. Rc1 Rxf3 47.
Bxf3 b6 48. Rc7+ Kg6 49. Bc6 Bb3 50. g4 Kf6 51. Bb5 fxg4 52. hxg4 Ke5 53. Rc3
Bd1 54. f3 Kf4 55. Kf2 Rd2+ 0-1

[Event "26th Chicago Open"]
[Site "Wheeling, IL"]
[Date "2017.05.27"]
[Round "5.50"]
[White "Lin, Andy"]
[Black "Ramoutar, Alan-Safar"]
[Result "1-0"]
[WhiteElo "2147"]
[BlackElo "1943"]
[PlyCount "55"]
[EventDate "2017.05.??"]
[EventType "swiss"]
[EventRounds "9"]
[EventCountry "USA"]

1. Nf3 g6 2. g3 Bg7 3. d4 Nf6 4. Bg2 O-O 5. O-O d6 6. c4 Nc6 7. Nc3 Bf5 8. d5
Na5 9. Nd4 Bd7 10. b3 c5 11. dxc6 Nxc6 12. Bb2 Nxd4 13. Qxd4 Bc6 14. Nd5 Bxd5
15. Bxd5 Qc7 16. Bg2 Ne8 17. Qd2 Bxb2 18. Qxb2 Nf6 19. Rfc1 Rac8 20. b4 Qb8 21.
c5 dxc5 22. bxc5 Nd7 23. Qb5 Rfd8 24. Rab1 Qe5 25. Qxb7 Nxc5 26. Qxa7 Rd2 27.
Bf3 Rd7 28. Rxc5 1-0

[Event "26th Chicago Open"]
[Site "Wheeling, IL"]
[Date "2017.05.27"]
[Round "5.53"]
[White "Bian, Alex"]
[Black "Eckert, Doug"]
[Result "1/2-1/2"]
[WhiteElo "2266"]
[BlackElo "2152"]
[PlyCount "65"]
[EventDate "2017.05.??"]
[EventType "swiss"]
[EventRounds "9"]
[EventCountry "USA"]

1. e4 e5 2. Nf3 Nc6 3. d4 exd4 4. Nxd4 Nf6 5. Nxc6 bxc6 6. e5 Qe7 7. Qe2 Nd5 8.
Nd2 Bb7 9. c4 Nb4 10. Nf3 c5 11. Bf4 h6 12. h4 Qe6 13. a3 Qf5 14. axb4 Qxf4 15.
b5 Be7 16. Qd2 Qxd2+ 17. Nxd2 O-O 18. O-O-O f6 19. Nb3 fxe5 20. f3 a6 21. b6 d6
22. Na5 Bc8 23. b7 Bxb7 24. Nxb7 a5 25. Bd3 Rfb8 26. Be4 Ra7 27. Rd3 Raxb7 28.
Bxb7 Rxb7 29. Kc2 a4 30. Re3 Rb4 31. Re4 Bf6 32. Ra1 Kf7 33. Ra3 1/2-1/2

[Event "26th Chicago Open"]
[Site "Wheeling, IL"]
[Date "2017.05.27"]
[Round "5.54"]
[White "Neal, James"]
[Black "Virkud, Apurva"]
[Result "1/2-1/2"]
[WhiteElo "2139"]
[BlackElo "2252"]
[PlyCount "81"]
[EventDate "2017.05.??"]
[EventType "swiss"]
[EventRounds "9"]
[EventCountry "USA"]

1. e4 c5 2. Nf3 d6 3. d4 cxd4 4. Nxd4 Nf6 5. Nc3 a6 6. g3 e6 7. Bg2 Be7 8. O-O
O-O 9. Re1 Qc7 10. a4 Nc6 11. h3 Rb8 12. g4 Nxd4 13. Qxd4 Nd7 14. g5 b6 15. Be3
Bb7 16. Red1 Rfc8 17. f4 Nc5 18. Qd2 Bc6 19. Qe2 Qb7 20. Bd4 Nd7 21. Rd2 Nf8
22. Qf2 Nd7 23. h4 e5 24. Be3 Nc5 25. fxe5 dxe5 26. Qf5 Bf8 27. Qxe5 Re8 28.
Qg3 Nxe4 29. Nxe4 Bxe4 30. Bf2 Bc5 31. Rad1 Bxg2 32. Qxg2 Qe7 33. Qf3 Rf8 34.
Re2 Qc7 35. Kg2 Bxf2 36. Rxf2 Rbc8 37. Rd4 Rcd8 38. Rf4 Qe7 39. b3 Rd6 40. Re4
Re6 41. Rfe2 1/2-1/2

[Event "26th Chicago Open"]
[Site "Wheeling, IL"]
[Date "2017.05.27"]
[Round "5.55"]
[White "Jayaraman, Aravind"]
[Black "Matus, Nastassja"]
[Result "1-0"]
[WhiteElo "2178"]
[BlackElo "1885"]
[PlyCount "111"]
[EventDate "2017.05.??"]
[EventType "swiss"]
[EventRounds "9"]
[EventCountry "USA"]

1. d4 d5 2. Nf3 Nf6 3. g3 Bf5 4. Bg2 h6 5. O-O e6 6. c4 c6 7. Nc3 Be7 8. Qb3
Qc8 9. Nd2 O-O 10. e4 dxe4 11. Ndxe4 Rd8 12. Rd1 Nbd7 13. Bf4 Nxe4 14. Nxe4 Nf6
15. Nc3 Bd6 16. Be3 Ng4 17. Bc1 Nf6 18. Be3 Ng4 19. Bc1 Nf6 20. h3 e5 21. dxe5
Bxe5 22. Rxd8+ Qxd8 23. Qxb7 Rb8 24. Qxc6 Bxc3 25. bxc3 Rc8 26. Qa4 Be6 27. Be3
Rxc4 28. Qxa7 Rxc3 29. a4 Qc8 30. Kh2 Bd5 31. Rb1 Qf5 32. Rb5 Rd3 33. Bd4 Ne4
34. a5 Qe6 35. a6 Kh7 36. Rxd5 Qxd5 37. Qb7 Qxd4 38. Bxe4+ Kg8 39. Bxd3 Qxf2+
40. Qg2 Qd4 41. Bf1 h5 42. Qa8+ Kh7 43. Bg2 g6 44. Qd5 Qf2 45. Qf3 Qa7 46. Qb7
Qf2 47. h4 g5 48. hxg5 Kg7 49. Qf3 Qa2 50. Qxh5 Qxa6 51. Qh6+ Qxh6+ 52. gxh6+
Kxh6 53. Bh3 Kg5 54. Kg2 f6 55. Kf3 f5 56. Bf1 1-0

[Event "26th Chicago Open"]
[Site "Wheeling, IL"]
[Date "2017.05.28"]
[Round "6.2"]
[White "Nyzhnyk, Illia"]
[Black "Brown, Michael"]
[Result "1/2-1/2"]
[WhiteElo "2610"]
[BlackElo "2489"]
[PlyCount "173"]
[EventDate "2017.05.??"]
[EventType "swiss"]
[EventRounds "9"]
[EventCountry "USA"]
[WhiteClock "0:00:52"]
[BlackClock "0:07:24"]

1. c4 e5 2. Nc3 Nc6 3. Nf3 g6 4. d4 exd4 5. Nxd4 Bg7 6. Nxc6 bxc6 7. e4 Ne7 8.
Be3 O-O 9. Bd4 f6 10. c5 d5 11. cxd6 cxd6 12. Bc4+ d5 13. Bb3 Ba6 14. Qf3 f5
15. Bxg7 Kxg7 16. exd5 cxd5 17. O-O-O d4 18. Rhe1 Rc8 19. Re6 Rf6 20. Rxf6 Kxf6
21. Qf4 Nc6 22. Qh6 Ne5 23. Qh4+ Kg7 24. Qxd4 Qxd4 25. Rxd4 Rc7 26. f3 Nd3+ 27.
Kb1 Re7 28. Bd1 Ne1 29. g3 Bb7 30. f4 Nf3 31. Bxf3 Bxf3 32. Kc2 Kh6 33. Rd3 Bg2
34. Kd2 Kh5 35. Nd1 Be4 36. Rc3 g5 37. Nf2 gxf4 38. gxf4 Bd5 39. b3 Kg6 40. Nd3
Kf6 41. Ne5 Be4 42. b4 Rg7 43. Ra3 Rg2+ 44. Ke3 Rxh2 45. Ra6+ Ke7 46. Rxa7+ Ke6
47. a4 h5 48. Nf7 Kd5 49. Ng5 h4 50. b5 Bh1 51. b6 Rb2 52. a5 Kc6 53. Kd4 Bg2
54. Rc7+ Kb5 55. Rc5+ Ka6 56. Rxf5 h3 57. Nxh3 Bxh3 58. Rc5 Rf2 59. Ke5 Bg4 60.
Rd5 Rf1 61. Rd2 Ra1 62. Rd5 Rf1 63. Rc5 Rf2 64. Ke4 Re2+ 65. Kd4 Rf2 66. Ke5
Rf1 67. Rd5 Rf2 68. Rd8 Bf3 69. f5 Kxa5 70. f6 Kxb6 71. f7 Bc6 72. f8=Q Rxf8
73. Rxf8 Kc5 74. Rc8 Kb5 75. Kd4 Kb6 76. Kc4 Bd7 77. Rf8 Be6+ 78. Kd4 Kc6 79.
Ke5 Bc4 80. Rc8+ Kb5 81. Kd4 Be6 82. Rc5+ Kb4 83. Rc6 Bf7 84. Rf6 Bc4 85. Rb6+
Bb5 86. Rb8 Ka4 87. Ke4 1/2-1/2

[Event "26th Chicago Open"]
[Site "Wheeling, IL"]
[Date "2017.05.28"]
[Round "6.3"]
[White "Gurevich, Daniel"]
[Black "Avrukh, Boris"]
[Result "1/2-1/2"]
[WhiteElo "2460"]
[BlackElo "2592"]
[PlyCount "83"]
[EventDate "2017.05.??"]
[EventType "swiss"]
[EventRounds "9"]
[EventCountry "USA"]
[WhiteClock "0:23:54"]
[BlackClock "0:26:24"]

1. e4 e5 2. Nf3 Nc6 3. Bb5 a6 4. Ba4 Nf6 5. d3 b5 6. Bb3 Bc5 7. O-O d6 8. c3
O-O 9. Bg5 h6 10. Bh4 g5 11. Nxg5 hxg5 12. Bxg5 Kg7 13. a4 Rb8 14. axb5 axb5
15. Qf3 Rh8 16. Bd5 Bd7 17. b4 Bb6 18. Na3 Qe7 19. Nc2 Nxd5 20. Bxe7 Ndxe7 21.
d4 Rh6 22. Qg3+ Rg6 23. Qe3 d5 24. f3 Re8 25. Kh1 exd4 26. Nxd4 Nxd4 27. cxd4
Nf5 28. Qd3 Nd6 29. Rae1 Rh8 30. g4 dxe4 31. fxe4 Bxg4 32. Rf4 Bd7 33. Rg1 Rh3
34. Rxg6+ fxg6 35. Qd2 Rb3 36. h4 Be6 37. d5 Bf7 38. Qc2 Re3 39. Qb2+ Kg8 40.
Qe5 Re1+ 41. Kg2 Nf5 42. Rxf5 1/2-1/2

[Event "26th Chicago Open"]
[Site "Wheeling, IL"]
[Date "2017.05.28"]
[Round "6.5"]
[White "Liang, Awonder"]
[Black "Stukopin, Andrey"]
[Result "1/2-1/2"]
[WhiteElo "2488"]
[BlackElo "2586"]
[PlyCount "88"]
[EventDate "2017.05.??"]
[EventType "swiss"]
[EventRounds "9"]
[EventCountry "USA"]

1. e4 e5 2. Nf3 Nc6 3. Bb5 a6 4. Ba4 Nf6 5. O-O Be7 6. Re1 b5 7. Bb3 d6 8. c3
O-O 9. h3 Na5 10. Bc2 c5 11. d4 Qc7 12. Nbd2 Re8 13. d5 g6 14. b3 Bd7 15. Nf1
Nh5 16. N3h2 Qd8 17. Ne3 Nb7 18. Qf3 Rf8 19. Nhg4 Nf4 20. h4 h5 21. Nh6+ Kg7
22. Nhf5+ gxf5 23. Nxf5+ Bxf5 24. exf5 Bxh4 25. g3 Qg5 26. Kh2 Qg4 27. Qxg4+
hxg4 28. gxh4 Rh8 29. Kg3 c4 30. bxc4 Rac8 31. f6+ Kxf6 32. Re4 Nc5 33. Rxf4+
exf4+ 34. Bxf4 Nd7 35. Bg5+ Kg7 36. Bf5 Rc7 37. cxb5 Rxc3+ 38. Kg2 Nf6 39. bxa6
Ra8 40. Bc1 Rxa6 41. h5 Rxc1 42. Rxc1 Rxa2 43. Rc6 Nxh5 44. Bxg4 Nf4+ 1/2-1/2

[Event "26th Chicago Open"]
[Site "Wheeling, IL"]
[Date "2017.05.28"]
[Round "6.6"]
[White "Vazquez, Guillermo"]
[Black "Li, Ruifeng"]
[Result "1/2-1/2"]
[WhiteElo "2443"]
[BlackElo "2574"]
[PlyCount "111"]
[EventDate "2017.05.??"]
[EventType "swiss"]
[EventRounds "9"]
[EventCountry "USA"]

1. e4 c5 2. Nf3 d6 3. d4 cxd4 4. Qxd4 Nc6 5. Bb5 a6 6. Bxc6+ bxc6 7. O-O e5 8.
Qa4 Qc7 9. c4 Nf6 10. c5 Bg4 11. Be3 Bxf3 12. cxd6 Bxd6 13. gxf3 O-O 14. Rc1
Rac8 15. Qxa6 Nh5 16. Nc3 Qd8 17. Ne2 Qd7 18. Rd1 Qe6 19. Rac1 Be7 20. Ng3 Nf4
21. Bxf4 exf4 22. Nf5 Rfe8 23. Nxe7+ Qxe7 24. Rxc6 Qg5+ 25. Kf1 Ra8 26. Qc4 Qh5
27. Rc7 Rf8 28. Kg2 Qg5+ 29. Kh1 Qh4 30. Kg2 Qg5+ 31. Kf1 Qh5 32. Ke2 Qxh2 33.
b4 Qh5 34. b5 Qe5 35. Rdd7 Qa1 36. Rd2 Rab8 37. a4 h5 38. Qd4 Qa3 39. Qc4 h4
40. Ra2 Qd6 41. Rc6 Qd8 42. Qd5 Qa5 43. b6 Qb4 44. Qb5 Qe7 45. Rc7 Qe6 46. Rb2
h3 47. a5 Rfd8 48. Qb3 Qxb3 49. Rxb3 Rd1 50. Kxd1 h2 51. b7 h1=Q+ 52. Kc2 Kh7
53. a6 Qe1 54. Rc8 Qxf2+ 55. Kb1 Qf1+ 56. Kc2 1/2-1/2

[Event "26th Chicago Open"]
[Site "Wheeling, IL"]
[Date "2017.05.28"]
[Round "6.7"]
[White "Larson, Matthew"]
[Black "Popilski, Gil"]
[Result "0-1"]
[WhiteElo "2367"]
[BlackElo "2544"]
[Annotator "Hater,David"]
[PlyCount "62"]
[EventDate "2017.05.??"]
[EventType "swiss"]
[EventRounds "9"]
[EventCountry "USA"]
[TimeControl "40/2:0"]

1. d4 Nf6 2. c4 g6 3. Nc3 d5 4. Nf3 Bg7 5. cxd5 Nxd5 6. e4 Nxc3 7. bxc3 c5 8.
Rb1 O-O 9. Be2 b6 10. O-O Bb7 11. d5 Bxc3 12. Bc4 Nd7 13. Bf4 Bg7 14. e5 b5 15.
Bxb5 Nb6 16. d6 exd6 17. Qxd6 Qc8 18. Rbc1 c4 19. Rfd1 Rd8 20. Qxd8+ Qxd8 21.
Rxd8+ Rxd8 22. h3 a6 23. Bxc4 Bxf3 24. gxf3 Rd4 25. e6 Kf8 26. Bb3 Rxf4 27. Rc6
Bd4 28. exf7 Rxf3 29. Re6 Rxf7 30. Rd6 Bxf2+ 31. Kg2 Rf4 0-1

[Event "26th Chicago Open"]
[Site "Wheeling, IL"]
[Date "2017.05.28"]
[Round "6.9"]
[White "Chandra, Akshat"]
[Black "Grabinsky, Aaron"]
[Result "0-1"]
[WhiteElo "2495"]
[BlackElo "2351"]
[PlyCount "168"]
[EventDate "2017.05.??"]
[EventType "swiss"]
[EventRounds "9"]
[EventCountry "USA"]

1. d4 Nf6 2. c4 e6 3. Nf3 Bb4+ 4. Bd2 Qe7 5. g3 Bxd2+ 6. Qxd2 Nc6 7. b3 d5 8.
Bg2 Qb4 9. O-O Qxd2 10. Nbxd2 O-O 11. e3 Rd8 12. Rfc1 Bd7 13. Ne5 Be8 14. Nd3
Rab8 15. Rc2 Ne7 16. cxd5 Nexd5 17. Rac1 c6 18. h3 h6 19. Kf1 Kf8 20. Ke2 Ne7
21. g4 g5 22. f4 gxf4 23. Nxf4 Ned5 24. Nd3 Ne7 25. Rf1 Kg7 26. Rcc1 Ng6 27.
Rf2 Rbc8 28. Rcf1 Nd5 29. Rc1 Nf6 30. Nc4 Rc7 31. a4 Nd5 32. a5 Nde7 33. Nc5
Nd5 34. Nd3 Nde7 35. Bh1 Nd5 36. Rff1 Nf6 37. Rfd1 Nh7 38. Nce5 Nxe5 39. Nxe5
f6 40. Nd3 Nf8 41. Nc5 a6 42. h4 Kf7 43. Rf1 Ke7 44. g5 hxg5 45. hxg5 f5 46.
Bf3 Nd7 47. Rh1 Bf7 48. Rh7 Kf8 49. Nd3 Bg8 50. Rh6 Kg7 51. Nf4 Re8 52. Rg6+
Kf8 53. Rh1 Bf7 54. Rh8+ Ke7 55. Rh7 Nf8 56. Rgg7 Nxh7 57. Rxh7 Kd8 58. g6 Bg8
59. Rh8 e5 60. dxe5 Bc4+ 61. bxc4 Rxh8 62. Ne6+ Kc8 63. Nxc7 Kxc7 64. e4 fxe4
65. Bxe4 Rh5 66. Kf3 Rxe5 67. Kf4 Re7 68. c5 Kd8 69. Kf5 Ke8 70. Bd3 Re3 71.
Bc4 Kf8 72. Kf6 Rf3+ 73. Ke5 Kg7 74. Kd6 Ra3 75. Be6 Rxa5 76. Bf5 Rb5 77. Bd3
Rb3 78. Bc4 Rb4 79. Be2 a5 80. Kc7 a4 81. Kd6 a3 82. Kc7 Rb2 83. Kc8 b6 84.
cxb6 Rxb6 0-1

[Event "26th Chicago Open"]
[Site "Wheeling, IL"]
[Date "2017.05.28"]
[Round "6.10"]
[White "Nakar, Eylon"]
[Black "Schmakel, Sam"]
[Result "1/2-1/2"]
[WhiteElo "2476"]
[BlackElo "2344"]
[PlyCount "84"]
[EventDate "2017.05.??"]
[EventType "swiss"]
[EventRounds "9"]
[EventCountry "USA"]

1. d4 Nf6 2. c4 g6 3. Nc3 Bg7 4. e4 d6 5. f3 O-O 6. Be3 c5 7. Nge2 Qa5 8. Nc1
cxd4 9. Nb3 Qh5 10. Nxd4 Nc6 11. Be2 Qh4+ 12. g3 Qh3 13. Kf2 Ne5 14. Qd2 Be6
15. b3 a6 16. a4 b5 17. axb5 axb5 18. Rxa8 Rxa8 19. Ncxb5 Neg4+ 20. Ke1 Nxe4
21. fxe4 Qg2 22. Rg1 Ra1+ 23. Bd1 Qxe4 24. Nc2 Nxe3 25. Nxe3 Bh6 26. Kf2 Ra2
27. Qxa2 Bxe3+ 28. Kf1 Bxg1 29. Kxg1 Qe1+ 30. Kg2 Qxd1 31. Nc7 Bf5 32. Qa8+ Kg7
33. Ne8+ Kh6 34. Qf3 Qc2+ 35. Kg1 Qc1+ 36. Kf2 Qc2+ 37. Qe2 Qxb3 38. Qxe7 Qxc4
39. Qf8+ Kg5 40. Qe7+ Kh6 41. Qf8+ Kg5 42. Qe7+ Kh6 1/2-1/2

[Event "26th Chicago Open"]
[Site "Wheeling, IL"]
[Date "2017.05.28"]
[Round "6.11"]
[White "Mitkov, Nikola"]
[Black "He, Anthony"]
[Result "1-0"]
[WhiteElo "2454"]
[BlackElo "2307"]
[PlyCount "109"]
[EventDate "2017.05.??"]
[EventType "swiss"]
[EventRounds "9"]
[EventCountry "USA"]

1. e4 e5 2. Bc4 Nf6 3. Nc3 Nc6 4. d3 Bc5 5. f4 d6 6. Nf3 a6 7. Nd5 Nxd5 8. Bxd5
Ne7 9. Bb3 exf4 10. d4 Ba7 11. Bxf4 O-O 12. O-O Be6 13. c3 Qd7 14. Qd3 Rae8 15.
Rae1 Ng6 16. Bg3 h6 17. h3 c6 18. Kh2 d5 19. exd5 Bxd5 20. Bc2 Rxe1 21. Rxe1
Bb8 22. Ne5 Bxe5 23. Rxe5 Be6 24. Re3 Rd8 25. a4 Qd5 26. Bc7 Rd7 27. Be5 Kf8
28. Bg3 Rd8 29. Qf1 Kg8 30. Qb1 Ne7 31. Be5 Kh8 32. Qe1 Qd7 33. Qh4 Ng8 34. Qe4
f5 35. Bxg7+ Kxg7 36. Qxe6 Qxe6 37. Rxe6 Rd5 38. Kg3 Kf7 39. Re2 Kf6 40. Bb3
Rd8 41. Kf4 Rf8 42. Re5 Kg6 43. Bc2 Nf6 44. Bxf5+ Kf7 45. g4 Nd5+ 46. Ke4 Ne7
47. Re6 Ng8 48. a5 Rd8 49. h4 Nf6+ 50. Kf4 Rd5 51. Re5 Rd8 52. Be6+ Kg7 53. g5
hxg5+ 54. hxg5 Ne8 55. Bf5 1-0

[Event "26th Chicago Open"]
[Site "Wheeling, IL"]
[Date "2017.05.28"]
[Round "6.13"]
[White "Moon, Benjamin"]
[Black "Troff, Kayden"]
[Result "1/2-1/2"]
[WhiteElo "2299"]
[BlackElo "2482"]
[PlyCount "54"]
[EventDate "2017.05.??"]
[EventType "swiss"]
[EventRounds "9"]
[EventCountry "USA"]

1. d4 Nf6 2. Bf4 g6 3. e3 Bg7 4. Nf3 O-O 5. Be2 d6 6. O-O b6 7. h3 Bb7 8. a4 a5
9. c3 Nbd7 10. Na3 Re8 11. Bh2 e6 12. Qb3 Ne4 13. Rfd1 Qe7 14. Rac1 Rac8 15.
Nb5 h6 16. Na7 Ra8 17. Nb5 Nf8 18. Ne1 Nh7 19. f3 Nef6 20. c4 Rec8 21. Nd3 Nd7
22. c5 bxc5 23. Nxd6 cxd6 24. Qxb7 Rab8 25. Qa6 Ra8 26. Qb7 Rab8 27. Qa6 Ra8
1/2-1/2

[Event "26th Chicago Open"]
[Site "Wheeling, IL"]
[Date "2017.05.28"]
[Round "6.18"]
[White "Homa, Seth"]
[Black "Shmelov, Denys"]
[Result "1/2-1/2"]
[WhiteElo "2285"]
[BlackElo "2415"]
[PlyCount "56"]
[EventDate "2017.05.??"]
[EventType "swiss"]
[EventRounds "9"]
[EventCountry "USA"]

1. c4 c6 2. Nf3 d5 3. e3 Nf6 4. Nc3 a6 5. Qc2 g6 6. b3 Bg7 7. Bb2 O-O 8. Be2 b5
9. d4 Bf5 10. Bd3 Bxd3 11. Qxd3 Nbd7 12. cxd5 cxd5 13. O-O Qb8 14. Rfc1 e6 15.
Rc2 Rc8 16. Rac1 Qb7 17. a4 b4 18. Ne2 Bf8 19. Ne5 Nxe5 20. dxe5 Nd7 21. Bd4
Bg7 22. f4 Bf8 23. Kh1 Rxc2 24. Qxc2 Bc5 25. h3 Rc8 26. Kh2 Rc7 27. Qd2 a5 28.
Qd3 Bxd4 1/2-1/2

[Event "26th Chicago Open"]
[Site "Wheeling, IL"]
[Date "2017.05.28"]
[Round "6.19"]
[White "He, Anthony"]
[Black "Blatny, Pavel"]
[Result "1-0"]
[WhiteElo "2307"]
[BlackElo "2392"]
[PlyCount "81"]
[EventDate "2017.05.??"]
[EventType "swiss"]
[EventRounds "9"]
[EventCountry "USA"]

1. e4 b6 2. d4 Bb7 3. Bd3 e6 4. Nf3 d6 5. O-O Nd7 6. Qe2 a6 7. c4 g6 8. Nc3 Bg7
9. Be3 Ne7 10. Rac1 h6 11. Nd2 O-O 12. f4 f5 13. Bf2 Qe8 14. Rce1 Nc6 15. e5
dxe5 16. fxe5 Nb4 17. Nf3 c5 18. d5 g5 19. Bb1 exd5 20. e6 Nb8 21. a3 d4 22.
axb4 dxc3 23. bxc5 Nc6 24. bxc3 Bxc3 25. Rc1 Bg7 26. cxb6 Qe7 27. Rcd1 Rae8 28.
Rfe1 Bc8 29. c5 g4 30. Nh4 Qg5 31. Rd6 Bb7 32. Qe3 Ne7 33. Rd7 Qxe3 34. Bxe3
Bc8 35. Rxe7 Rxe7 36. Ng6 Rxe6 37. Ba2 Rfe8 38. Nf4 Bc3 39. Rd1 Be5 40. b7 Bxb7
41. Bxe6+ 1-0

[Event "26th Chicago Open"]
[Site "Wheeling, IL"]
[Date "2017.05.28"]
[Round "6.19"]
[White "Hong, Andrew"]
[Black "Niemann, Hans"]
[Result "0-1"]
[WhiteElo "2383"]
[BlackElo "2282"]
[PlyCount "122"]
[EventDate "2017.05.??"]
[EventType "swiss"]
[EventRounds "9"]
[EventCountry "USA"]

1. e4 e6 2. d4 d5 3. Nc3 Nf6 4. Bg5 dxe4 5. Nxe4 Be7 6. Bxf6 gxf6 7. Qd2 f5 8.
Nc3 a6 9. g3 b5 10. Bg2 Ra7 11. O-O-O b4 12. Nce2 c5 13. d5 Rd7 14. Nf4 e5 15.
Nh5 Rd6 16. Qe2 e4 17. Nf4 Bg5 18. Ngh3 Bxf4+ 19. Nxf4 O-O 20. h4 Nd7 21. g4
Nf6 22. gxf5 Bxf5 23. Rhg1 Kh8 24. Bh1 Nxd5 25. Nxd5 Rxd5 26. Qc4 Rxd1+ 27.
Rxd1 Qxh4 28. Qxc5 Qf4+ 29. Kb1 Re8 30. Qd4+ Kg8 31. Qf6 Qg4 32. Re1 Qg6 33.
Qd4 a5 34. b3 h5 35. Qe3 Re6 36. Qa7 e3 37. fxe3 Bxc2+ 38. Kc1 Bf5 39. e4 Qg5+
40. Kb1 Bg6 41. Qf2 Kh7 42. Rf1 Qe5 43. Re1 f5 44. Qe3 fxe4 45. Rd1 h4 46. Rg1
Rf6 47. Bg2 Qf4 48. Qxf4 Rxf4 49. Kc1 Rg4 50. Kb1 h3 51. Rh1 Rxg2 52. Rxh3+ Kg7
53. Ka1 Kf6 54. a4 bxa3 55. b4 axb4 56. Rf3+ Ke5 57. Rb3 Bf7 58. Rxb4 Rg1+ 59.
Rb1 Rxb1+ 60. Kxb1 e3 61. Kc2 e2 0-1

[Event "26th Chicago Open"]
[Site "Wheeling, IL"]
[Date "2017.05.28"]
[Round "6.21"]
[White "Mandizha, Farai"]
[Black "Zhang, Yuanchen"]
[Result "1-0"]
[WhiteElo "2342"]
[BlackElo "2585"]
[PlyCount "119"]
[EventDate "2017.05.??"]
[EventType "swiss"]
[EventRounds "9"]
[EventCountry "USA"]

1. Nf3 Nf6 2. g3 d5 3. Bg2 Bf5 4. c4 e6 5. Qb3 Qc8 6. Nc3 c6 7. O-O Be7 8. d3
O-O 9. Be3 Na6 10. Rac1 dxc4 11. Qxc4 Nd5 12. Bd4 Nb6 13. Qb3 Qd8 14. Rfd1 Bg4
15. Be3 Nc5 16. Qb4 Bxf3 17. Bxf3 a5 18. Qg4 Ncd7 19. Bg2 f5 20. Qh3 g5 21. g4
Ne5 22. Bf3 Rf7 23. Kh1 Rg7 24. Rg1 f4 25. Bd2 Nbc4 26. Be1 Nxb2 27. Rb1 Ba3
28. Ne4 Na4 29. Bg2 Qe7 30. d4 Nc4 31. Qd3 Nab6 32. Bc3 Bb4 33. Ba1 Na3 34. d5
e5 35. d6 Qe6 36. Rb3 Nbc4 37. Rd1 Rd8 38. Rxb4 axb4 39. Qb3 Kh8 40. h3 b6 41.
Qxb4 Nc2 42. Qb3 Nxa1 43. Rxa1 Qg8 44. Rc1 Nxd6 45. Qxb6 Nxe4 46. Bxe4 Rb8 47.
Qc5 Qxa2 48. Qxe5 Qb2 49. Rc3 c5 50. Kg2 c4 51. Bd5 Qb5 52. Rxc4 Re8 53. Qd4
Rd8 54. Rc5 Qb6 55. Qc3 Qd6 56. Bb3 Qe7 57. Re5 Qb7+ 58. f3 Qc7 59. Qd4 h6 60.
Qe4 1-0

[Event "26th Chicago Open"]
[Site "Wheeling, IL"]
[Date "2017.05.28"]
[Round "6.24"]
[White "Lederer, Yoav"]
[Black "Williams, Justus"]
[Result "1/2-1/2"]
[WhiteElo "2259"]
[BlackElo "2383"]
[PlyCount "146"]
[EventDate "2017.05.??"]
[EventType "swiss"]
[EventRounds "9"]
[EventCountry "USA"]

1. c4 c5 2. g3 Nc6 3. Bg2 g6 4. Nc3 Bg7 5. a3 a5 6. e3 Nh6 7. Nge2 Nf5 8. d3 d6
9. b3 h5 10. h3 h4 11. g4 Nh6 12. Bb2 e5 13. Nd5 O-O 14. Nec3 f5 15. gxf5 Bxf5
16. Qe2 Qg5 17. Be4 Kh8 18. Qf1 Qh5 19. Qg2 Nf7 20. Rg1 Qh7 21. O-O-O Bh6 22.
Nf6 Qg7 23. Ng4 Nd4 24. a4 Rab8 25. Kb1 Ne6 26. Nd5 Bxe4 27. dxe4 g5 28. Ne7
Rbd8 29. Nf5 Qg6 30. Ngxh6 Nxh6 31. Nxh6 Qxh6 32. Rxd6 Rxd6 33. Bxe5+ Ng7 34.
Bxd6 Qxd6 35. Qxg5 Qd3+ 36. Ka2 Qd2+ 37. Kb1 Qd3+ 38. Ka2 Rxf2+ 39. Ka3 Rf7 40.
Rg4 Qd1 41. Rg1 Qd2 42. Rg2 Qc3 43. Qxh4+ Kg8 44. Ka2 Qxe3 45. Qd8+ Kh7 46.
Qxa5 Qxe4 47. Qd2 Rf1 48. Qc2 Qxc2+ 49. Rxc2 Rf6 50. Rd2 Kg6 51. b4 b6 52. a5
bxa5 53. bxc5 Ne6 54. Rd5 Rf4 55. c6 Rxc4 56. Rxa5 Rxc6 57. Kb2 Nd4 58. Ra4 Nf5
59. Rg4+ Kf6 60. Kb3 Ke5 61. Rc4 Nd4+ 62. Kc3 Ne2+ 63. Kb4 Rb6+ 64. Kc5 Rb8 65.
h4 Nd4 66. Ra4 Rc8+ 67. Kb6 Kd5 68. Ra1 Kd6 69. Rd1 Rb8+ 70. Ka5 Kc5 71. Rc1+
Kd5 72. Ka4 Rb6 73. h5 Rh6 1/2-1/2